| 000 -LEADER |
| fixed length control field |
00862cam a22002178i 4500 |
| 001 - CONTROL NUMBER |
| control field |
19022877 |
| 005 - DATE AND TIME OF LATEST TRANSACTION |
| control field |
20221105193651.0 |
| 008 - FIXED-LENGTH DATA ELEMENTS--GENERAL INFORMATION |
| fixed length control field |
160318s2017 nyu b 001 0 eng |
| 020 ## - INTERNATIONAL STANDARD BOOK NUMBER |
| International Standard Book Number |
9781259835865 1 (pbk. : alk. paper) |
| 041 ## - LANGUAGE CODE |
| Language code of text/sound track or separate title |
eng |
| 080 ## - UNIVERSAL DECIMAL CLASSIFICATION NUMBER |
| Universal Decimal Classification number |
616.8 H - 24 |
| 245 00 - TITLE STATEMENT |
| Title |
Harrison's neurology in clinical medicine / |
| Statement of responsibility, etc. |
editor, Stephen L. Hauser ; associate editor, S. Andrew Josephson. |
| 250 ## - EDITION STATEMENT |
| Edition statement |
Fourth edition. |
| 264 #1 - PRODUCTION, PUBLICATION, DISTRIBUTION, MANUFACTURE, AND COPYRIGHT NOTICE |
| Place of production, publication, distribution, manufacture |
New York : |
| Name of producer, publisher, distributor, manufacturer |
McGraw-Hill Education Medical, |
| Date of production, publication, distribution, manufacture, or copyright notice |
2017. |
| 300 ## - PHYSICAL DESCRIPTION |
| Extent |
944 p. ; |
| Dimensions |
25 cm. |
| 653 ## - INDEX TERM--UNCONTROLLED |
| keyword |
ჰარისონის ნევროლოგია კლინიკურ მედიცინაში |
| 653 ## - INDEX TERM--UNCONTROLLED |
| keyword |
მედიცინა |
| 700 1# - ADDED ENTRY--PERSONAL NAME |
| Personal name |
Hauser, Stephen L., |
| Relator term |
რედაქტორი |
| 9 (RLIN) |
8351 |
| 700 1# - ADDED ENTRY--PERSONAL NAME |
| Personal name |
Josephson, Scott Andrew, |
| Relator term |
რედაქტორი |
| 9 (RLIN) |
8352 |
| 942 ## - ADDED ENTRY ELEMENTS (KOHA) |
| Source of classification or shelving scheme |
|
| Koha item type |
წიგნი |